[Event "Toronto"]
[Site "Toronto"]
[Date "2012.07.20"]
[Round "7"]
[White "Martchenko, Alexander"]
[Black "Plotkin, Victor"]
[Result "1-0"]
[WhiteElo "2412"]
[BlackElo "2411"]
[PlyCount "85"]
[EventDate "2012.07.15"]
[EventType "swiss"]
[EventRounds "7"]
[EventCountry "CAN"]
[SourceTitle "EXT 2022"]
[Source "ChessBase"]
[SourceDate "2021.10.06"]
[SourceVersion "1"]
[SourceVersionDate "2021.10.06"]
[SourceQuality "1"]

1. e4 e5 2. f4 Nf6 3. fxe5 Nxe4 4. Nf3 Ng5 5. c3 d6 6. d4 Nxf3+ 7. Qxf3 Qh4+ 8. g3 Qg4 9. Qxg4 Bxg4 10. Bg2 Nc6 11. exd6 cxd6 12. 0-0 Be7 13. Nd2 0-0 14. Ne4 Rad8 15. Bg5 Rfe8 16. Rae1 h6 17. Bf4 Kf8 18. Nd2 g5 19. Be3 Kg7 20. h3 Bh5 21. g4 Bg6 22. Ne4 Bf8 23. Ng3 Ne7 24. d5 Nc8 25. Bd4+ Kg8 26. Be4 Bg7 27. Bxg7 Kxg7 28. Bxg6 fxg6 29. c4 Rxe1 30. Rxe1 Kf7 31. Rf1+ Ke7 32. Ne4 Rf8 33. Rxf8 Kxf8 34. Kf2 Ke7 35. Ke3 Nb6 36. Kd4 Nd7 37. c5 dxc5+ 38. Nxc5 Nf6 39. Ke5 b6 40. d6+ Kf7 41. d7 Nxg4+ 42. hxg4 Ke7 43. Ne6 1-0

[Event "Toronto"]
[Site "Toronto"]
[Date "2012.07.17"]
[Round "4"]
[White "Campbell, Brett"]
[Black "Martchenko, Alexander"]
[Result "0-1"]
[WhiteElo "2251"]
[BlackElo "2412"]
[PlyCount "104"]
[EventDate "2012.07.15"]
[EventType "swiss"]
[EventRounds "7"]
[EventCountry "CAN"]
[SourceTitle "EXT 2022"]
[Source "ChessBase"]
[SourceDate "2021.10.06"]
[SourceVersion "1"]
[SourceVersionDate "2021.10.06"]
[SourceQuality "1"]

1. e4 e5 2. Nc3 d6 3. Nf3 Nc6 4. d4 exd4 5. Nxd4 Nge7 6. Bb5 a6 7. Nxc6 Nxc6 8. Be2 Be6 9. Nd5 Ne7 10. Be3 Nxd5 11. exd5 Bf5 12. c4 Be7 13. Bd3 Qd7 14. Bxf5 Qxf5 15. Qa4+ Qd7 16. Qxd7+ Kxd7 17. 0-0 Bf6 18. Rab1 Rhe8 19. b4 Re4 20. Rfc1 Bd4 21. Rb3 Rae8 22. Re1 R8e5 23. b5 Bxe3 24. fxe3 Rxc4 25. bxa6 bxa6 26. Rd3 Rc2 27. a3 Rg5 28. g3 Rf5 29. Rf1 Rxf1+ 30. Kxf1 Rxh2 31. Rd4 Ra2 32. Ra4 Rd2 33. Rxa6 Rxd5 34. Ke2 h5 35. Ra8 g5 36. e4 Re5 37. Kf3 f5 38. exf5 Rxf5+ 39. Ke4 Re5+ 40. Kf3 h4 41. gxh4 gxh4 42. Ra4 Rh5 43. Kg4 Rh8 44. Kh3 c5 45. Rc4 Kc6 46. a4 d5 47. Rc1 c4 48. a5 Kc5 49. a6 d4 50. a7 c3 51. Rd1 Ra8 52. Kxh4 d3 0-1

[Event "Toronto"]
[Site "Toronto"]
[Date "2012.07.15"]
[Round "1"]
[White "Martchenko, Alexander"]
[Black "Peng, Jackie"]
[Result "0-1"]
[WhiteElo "2412"]
[BlackElo "2172"]
[PlyCount "86"]
[EventDate "2012.07.15"]
[EventType "swiss"]
[EventRounds "7"]
[EventCountry "CAN"]
[SourceTitle "EXT 2022"]
[Source "ChessBase"]
[SourceDate "2021.10.06"]
[SourceVersion "1"]
[SourceVersionDate "2021.10.06"]
[SourceQuality "1"]

1. e4 c5 2. Nf3 d6 3. Bb5+ Bd7 4. Bxd7+ Qxd7 5. c4 Nf6 6. Nc3 Nc6 7. 0-0 g6 8. Re1 Bg7 9. b3 0-0 10. Bb2 Ng4 11. Rb1 Nge5 12. Nd5 e6 13. Ne3 Nb4 14. d4 Nxf3+ 15. gxf3 Qe7 16. f4 Rad8 17. d5 Bxb2 18. Rxb2 Qf6 19. Rd2 Qxf4 20. Ng2 Qf6 21. a3 Na6 22. f4 exd5 23. cxd5 Rfe8 24. Rf2 Qg7 25. Qd3 Nc7 26. Ne3 f6 27. Rg2 Kh8 28. f5 g5 29. h4 Qe7 30. Qc3 Nb5 31. Qd3 Nd4 32. Nc2 Nxc2 33. Qxc2 gxh4 34. Qf2 h3 35. Rh2 Rg8+ 36. Kf1 Rg4 37. Rxh3 Rdg8 38. Rh4 Qe5 39. Re3 Qa1+ 40. Re1 Rg1+ 41. Ke2 Rxe1+ 42. Qxe1 Rg2+ 43. Kf1 Rg1+ 0-1

[Event "Quebec-ch op"]
[Site "Montreal"]
[Date "2011.07.29"]
[Round "8"]
[White "Martchenko, Alexander"]
[Black "Cheng, Bindi"]
[Result "0-1"]
[WhiteElo "2227"]
[BlackElo "2385"]
[PlyCount "82"]
[EventDate "2011.07.23"]
[EventType "swiss"]
[EventRounds "9"]
[EventCountry "CAN"]
[SourceTitle "CBM 143 Extra"]
[Source "ChessBase"]
[SourceDate "2011.08.29"]
[SourceVersion "1"]
[SourceVersionDate "2011.08.29"]
[SourceQuality "1"]

1. e4 c5 2. Nf3 d6 3. d4 cxd4 4. Nxd4 Nf6 5. Nc3 a6 6. Be2 e5 7. Nb3 Be7 8. Be3 Be6 9. g4 h6 10. Rg1 Nc6 11. h4 d5 12. exd5 Nxd5 13. Nxd5 Bxd5 14. g5 hxg5 15. hxg5 Be4 16. Nd2 Bg6 17. c3 Rh4 18. Bg4 Qc7 19. Qb3 b5 20. Nf3 Rh8 21. a4 Rb8 22. Rd1 Na5 23. Qd5 Nc4 24. axb5 axb5 25. Bc1 Bc5 26. Bd7+ Ke7 27. b3 e4 28. Nd4 Bxd4 29. Rxd4 Ne5 30. Ba3+ b4 31. cxb4 Nxd7 32. b5+ Ke8 33. b6 Nxb6 34. Qb5+ Nd7 35. Qa4 Rh2 36. Rg3 Rh1+ 37. Kd2 Qf4+ 38. Kc3 Rc8+ 39. Rc4 Qe5+ 40. Kd2 Qd5+ 41. Rd4 Qf5 0-1

[Event "Quebec-ch op"]
[Site "Montreal"]
[Date "2011.07.28"]
[Round "7"]
[White "Sambuev, Bator"]
[Black "Martchenko, Alexander"]
[Result "1-0"]
[WhiteElo "2528"]
[BlackElo "2227"]
[PlyCount "59"]
[EventDate "2011.07.23"]
[EventType "swiss"]
[EventRounds "9"]
[EventCountry "CAN"]
[SourceTitle "CBM 143 Extra"]
[Source "ChessBase"]
[SourceDate "2011.08.29"]
[SourceVersion "1"]
[SourceVersionDate "2011.08.29"]
[SourceQuality "1"]

1. d4 d5 2. c4 e6 3. Nf3 Nf6 4. Nc3 Be7 5. Bg5 0-0 6. e3 h6 7. Bh4 Ne4 8. Bxe7 Qxe7 9. Rc1 c6 10. h4 Nd7 11. g4 f5 12. gxf5 exf5 13. cxd5 Nxc3 14. Rxc3 cxd5 15. Qb3 Qe4 16. Be2 Nf6 17. Rg1 f4 18. Rc7 Ne8 19. Nd2 Qh7 20. Qxd5+ Kh8 21. Re7 Bf5 22. e4 Bg6 23. h5 Nf6 24. Qxb7 Rab8 25. hxg6 Rxb7 26. Rxb7 Qg8 27. Bc4 Rf7 28. gxf7 Qc8 29. e5 Kh7 30. Re7 1-0

[Event "Quebec-ch op"]
[Site "Montreal"]
[Date "2011.07.27"]
[Round "6"]
[White "Bojkov, Dejan"]
[Black "Martchenko, Alexander"]
[Result "1/2-1/2"]
[WhiteElo "2544"]
[BlackElo "2227"]
[PlyCount "251"]
[EventDate "2011.07.23"]
[EventType "swiss"]
[EventRounds "9"]
[EventCountry "CAN"]
[SourceTitle "CBM 143 Extra"]
[Source "ChessBase"]
[SourceDate "2011.08.29"]
[SourceVersion "1"]
[SourceVersionDate "2011.08.29"]
[SourceQuality "1"]

1. e4 e5 2. Nf3 Nc6 3. Bc4 Bc5 4. c3 Nf6 5. d3 0-0 6. Bb3 h6 7. Nbd2 d5 8. exd5 Nxd5 9. Ne4 Be7 10. 0-0 Bf5 11. Re1 Nf6 12. Qe2 a6 13. Bd2 Qd7 14. Rad1 Rad8 15. Bc1 Be6 16. Ng3 Bxb3 17. axb3 Bd6 18. b4 Rfe8 19. h3 a5 20. bxa5 Nxa5 21. b4 Nc6 22. Nh4 Nd5 23. Ngf5 Bf8 24. Qg4 Kh7 25. b5 Nce7 26. Bd2 Nxf5 27. Qxf5+ Qxf5 28. Nxf5 g6 29. Ng3 f5 30. c4 Nb4 31. Bxb4 Bxb4 32. Re2 Kg7 33. Nf1 Bc5 34. Ne3 c6 35. Rb2 Rd7 36. Rb3 e4 37. Kf1 f4 38. bxc6 bxc6 39. dxe4 Rxd1+ 40. Nxd1 Rxe4 41. Nb2 Kf6 42. f3 Rd4 43. Ke2 Rd7 44. Nd3 Re7+ 45. Kf1 Be3 46. Ra3 c5 47. Ra5 Rc7 48. Ra6+ Kf5 49. Ke2 Bd4 50. Rd6 g5 51. Nf2 Ra7 52. Ng4 Ra2+ 53. Kd3 Ra3+ 54. Kc2 Rc3+ 55. Kd2 Rxc4 56. Nxh6+ Ke5 57. Nf7+ Kf5 58. Nh6+ Ke5 59. Rg6 Ra4 60. Rxg5+ Ke6 61. Kd3 Be5 62. Ng4 c4+ 63. Ke4 c3+ 64. Kd3 Bh8 65. Rh5 Bg7 66. Rh7 Kf7 67. Nf2 Ra2 68. Ne4 c2 69. Kd2 Kg6 70. Rxg7+ Kxg7 71. Nc3 c1Q+ 72. Kxc1 Rxg2 73. Nd5 Rg3 74. Nxf4 Rxf3 75. Ne2 Rxh3 76. Kd2 Kf6 77. Nf4 Rf3 78. Ne2 Ke5 79. Nc3 Kd4 80. Ne2+ Kc4 81. Nc1 Rh3 82. Ne2 Rd3+ 83. Ke1 Re3 84. Kd2 Ra3 85. Nc1 Ra8 86. Ne2 Rd8+ 87. Ke3 Rd3+ 88. Ke4 Rd8 89. Nf4 Re8+ 90. Kf5 Re1 91. Ne6 Kd5 92. Nf4+ Kd6 93. Nd3 Re3 94. Nf4 Ra3 95. Ke4 Ra4+ 96. Ke3 Ke5 97. Nd3+ Kf5 98. Nc5 Rh4 99. Nd3 Rc4 100. Nf2 Rc3+ 101. Nd3 Ra3 102. Kd4 Ra4+ 103. Ke3 Re4+ 104. Kf3 Re8 105. Nf2 Rh8 106. Ke3 Ra8 107. Nd3 Ra4 108. Nc5 Rc4 109. Nd3 Rc8 110. Kf3 Re8 111. Nf2 Re1 112. Nd3 Ra1 113. Ke3 Ra3 114. Kd4 Ra4+ 115. Kd5 Ra8 116. Kd4 Rd8+ 117. Ke3 Kg4 118. Ne5+ Kg3 119. Ke4 Rd1 120. Nd3 Ra1 121. Ne5 Ra4+ 122. Kf5 Rh4 123. Kg5 Ra4 124. Kf5 Ra5 125. Ke4 Ra4+ 126. Kf5 1/2-1/2

[Event "Quebec-ch op"]
[Site "Montreal"]
[Date "2011.07.23"]
[Round "1"]
[White "Martchenko, Alexander"]
[Black "Gerzhoy, Leonid"]
[Result "1/2-1/2"]
[WhiteElo "2227"]
[BlackElo "2483"]
[PlyCount "108"]
[EventDate "2011.07.23"]
[EventType "swiss"]
[EventRounds "9"]
[EventCountry "CAN"]
[SourceTitle "CBM 143 Extra"]
[Source "ChessBase"]
[SourceDate "2011.08.29"]
[SourceVersion "1"]
[SourceVersionDate "2011.08.29"]
[SourceQuality "1"]

1. e4 c6 2. d4 d5 3. Nc3 dxe4 4. Nxe4 Bf5 5. Ng3 Bg6 6. Nf3 Nd7 7. Bd3 e6 8. Qe2 Ngf6 9. Bd2 Bxd3 10. Qxd3 Be7 11. 0-0 0-0 12. Rfe1 c5 13. Rad1 cxd4 14. Nxd4 Nc5 15. Qe3 Qb6 16. Nb3 Rac8 17. Bc3 Nxb3 18. Qxb6 axb6 19. axb3 Rfd8 20. Bxf6 Bxf6 21. c3 b5 22. Ne4 Be7 23. b4 Kf8 24. Kf1 Ke8 25. Ke2 Rxd1 26. Rxd1 Ra8 27. Nd6+ Bxd6 28. Rxd6 Ra2 29. Rb6 Rxb2+ 30. Ke3 Rc2 31. Rxb7 Rxc3+ 32. Kd2 Rb3 33. Rxb5 Rb2+ 34. Ke3 Ke7 35. Rb7+ Kf6 36. Kf3 h5 37. b5 g5 38. h3 Ke5 39. Rxf7 Rxb5 40. Rh7 Rb3+ 41. Ke2 h4 42. Rg7 Kf4 43. Rd7 Rb2+ 44. Rd2 Rb5 45. Rd4+ Kf5 46. Rd8 Ke4 47. Rd2 Rb1 48. Ra2 e5 49. Ra4+ Kf5 50. g4+ hxg3 51. fxg3 Rh1 52. g4+ Ke6 53. Ra6+ Kd5 54. Ra5+ Kd4 1/2-1/2

[Event "CAN-ch U18"]
[Site "Richmond Hill"]
[Date "2011.07.08"]
[Round "6"]
[White "Martchenko, Alexander"]
[Black "Sapozhnikov, Roman"]
[Result "1/2-1/2"]
[WhiteElo "2227"]
[BlackElo "2295"]
[PlyCount "56"]
[EventDate "2011.07.06"]
[EventType "swiss"]
[EventRounds "7"]
[EventCountry "CAN"]
[SourceTitle "EXT 2012"]
[Source "ChessBase"]
[SourceDate "2011.11.24"]
[SourceVersion "1"]
[SourceVersionDate "2011.11.24"]
[SourceQuality "1"]

1. e4 c5 2. Nc3 a6 3. Nge2 d6 4. g3 Nf6 5. Bg2 e6 6. d3 Be7 7. 0-0 Nc6 8. f4 d5 9. e5 Nd7 10. a3 f6 11. exf6 Nxf6 12. Kh1 0-0 13. d4 Bd7 14. Be3 cxd4 15. Nxd4 Rc8 16. Bg1 Nxd4 17. Bxd4 Bc5 18. Bxc5 Rxc5 19. f5 exf5 20. Nxd5 Bc6 21. Nxf6+ Qxf6 22. c3 Bxg2+ 23. Kxg2 Qb6 24. Rf2 Rd8 25. Qf3 Re5 26. Rd1 Rxd1 27. Qxd1 Qc6+ 28. Qf3 Qd7 1/2-1/2

[Event "CAN-ch U18"]
[Site "Richmond Hill"]
[Date "2011.07.07"]
[Round "4"]
[White "Martchenko, Alexander"]
[Black "Kleinman, Michael"]
[Result "1/2-1/2"]
[WhiteElo "2227"]
[BlackElo "2221"]
[PlyCount "67"]
[EventDate "2011.07.06"]
[EventType "swiss"]
[EventRounds "7"]
[EventCountry "CAN"]
[SourceTitle "EXT 2012"]
[Source "ChessBase"]
[SourceDate "2011.11.24"]
[SourceVersion "1"]
[SourceVersionDate "2011.11.24"]
[SourceQuality "1"]

1. e4 c5 2. Nf3 d6 3. Bb5+ Bd7 4. Bxd7+ Qxd7 5. c4 Nf6 6. Nc3 g6 7. d4 cxd4 8. Nxd4 Bg7 9. h3 0-0 10. Be3 Nc6 11. 0-0 e6 12. Rc1 a6 13. Qe2 Rfd8 14. Rfd1 Qe7 15. Rc2 Nd7 16. Nxc6 bxc6 17. Rcd2 Nc5 18. Bd4 Bxd4 19. Rxd4 e5 20. R4d2 Ne6 21. Qe3 Rab8 22. Ne2 a5 23. Qc3 Qc7 24. Qe3 a4 25. f4 f6 26. f5 Nc5 27. fxg6 hxg6 28. Qh6 Qg7 29. Qxg7+ Kxg7 30. Nc3 Rb4 31. Rxd6 Rc8 32. Rd8 Rxd8 33. Rxd8 Rxc4 34. Ra8 1/2-1/2

[Event "Toronto Hart House Holidays op"]
[Site "Toronto"]
[Date "2010.12.19"]
[Round "4.5"]
[White "Martchenko, Alexander"]
[Black "Guo, Josh"]
[Result "1-0"]
[WhiteElo "2405"]
[BlackElo "2232"]
[PlyCount "115"]
[EventDate "2010.12.17"]
[EventType "swiss"]
[EventRounds "5"]
[EventCountry "CAN"]
[SourceTitle "EXT 2022"]
[Source "ChessBase"]
[SourceDate "2021.10.06"]
[SourceVersion "1"]
[SourceVersionDate "2021.10.06"]
[SourceQuality "1"]

1. e4 c5 2. Nf3 d6 3. d4 cxd4 4. Nxd4 Nf6 5. Nc3 a6 6. Bg5 e6 7. f4 Qc7 8. Qe2 Nc6 9. 0-0-0 Bd7 10. g4 Be7 11. Bg2 0-0 12. Bh4 Nxd4 13. Rxd4 Bc6 14. g5 Nd7 15. f5 e5 16. Rd3 f6 17. gxf6 Bxf6 18. Bf2 Nc5 19. Bxc5 dxc5 20. Nd5 Bxd5 21. exd5 Qd6 22. Be4 b5 23. Rg1 Kh8 24. Rh3 Ra7 25. Qh5 h6 26. Qg6 Rd8 27. Rh5 Rf8 28. Rg3 Re7 29. Rgh3 Rff7 30. Kb1 c4 31. Rg5 Rf8 32. Rgh5 Rff7 33. Qg4 Rc7 34. Rg3 Rf8 35. Qh3 Rff7 36. Qg2 Rf8 37. Qd2 Re7 38. Rg6 Rd7 39. Rh3 Rc7 40. a3 Rff7 41. Qb4 Qxb4 42. axb4 Rcd7 43. Ka2 Rd6 44. Rgg3 Ra7 45. Ra3 Kg8 46. b3 cxb3+ 47. Kxb3 Rc7 48. Rc3 Rxc3+ 49. Kxc3 Kf8 50. Kd3 Ke8 51. Bf3 Kd8 52. Ke4 Rb6 53. Bh5 Be7 54. Rg3 Bf6 55. Bf7 Rb7 56. Be6 Ra7 57. d6 a5 58. Rc3 1-0

[Event "Toronto Hart House Holidays op"]
[Site "Toronto"]
[Date "2010.12.17"]
[Round "1.3"]
[White "Derraugh, Geordie"]
[Black "Martchenko, Alexander"]
[Result "1-0"]
[WhiteElo "2129"]
[BlackElo "2405"]
[PlyCount "67"]
[EventDate "2010.12.17"]
[EventType "swiss"]
[EventRounds "5"]
[EventCountry "CAN"]
[SourceTitle "EXT 2022"]
[Source "ChessBase"]
[SourceDate "2021.10.06"]
[SourceVersion "1"]
[SourceVersionDate "2021.10.06"]
[SourceQuality "1"]

1. e4 c5 2. c3 Nf6 3. e5 Nd5 4. d4 cxd4 5. cxd4 d6 6. Nf3 Nc6 7. exd6 Qxd6 8. Nc3 g6 9. Bc4 Nxc3 10. bxc3 Bg7 11. 0-0 0-0 12. a4 Qc7 13. Ba2 Na5 14. Re1 e6 15. Qd3 b6 16. Bg5 Bb7 17. Ne5 Rac8 18. Rac1 Bd5 19. c4 Bb7 20. Ng4 f6 21. Bd2 Qc6 22. d5 Qxa4 23. dxe6 Qxa2 24. e7 Rfe8 25. Qd7 h5 26. Qe6+ Kh7 27. Nxf6+ Kh8 28. Qf7 Qxd2 29. Nxe8 Bd4 30. Nd6 Bxf2+ 31. Qxf2 Qxd6 32. e8Q+ Rxe8 33. Rxe8+ Kh7 34. Rce1 1-0

[Event "Toronto Labour Day op"]
[Site "Toronto"]
[Date "2010.09.12"]
[Round "1.7"]
[White "Martchenko, Alexander"]
[Black "Kho, Jingle A"]
[Result "1-0"]
[WhiteElo "2382"]
[BlackElo "2119"]
[PlyCount "91"]
[EventDate "2010.09.12"]
[EventType "swiss"]
[EventRounds "6"]
[EventCountry "CAN"]
[SourceTitle "EXT 2022"]
[Source "ChessBase"]
[SourceDate "2021.10.06"]
[SourceVersion "1"]
[SourceVersionDate "2021.10.06"]
[SourceQuality "1"]

1. e4 Nc6 2. Nf3 d6 3. d4 Nf6 4. Bd3 Bg4 5. c3 e6 6. Nbd2 Be7 7. Nf1 a6 8. Ng3 Nh5 9. Be3 Bf6 10. Qd2 e5 11. d5 Ne7 12. h3 Bxf3 13. gxf3 Nxg3 14. fxg3 0-0 15. h4 c6 16. c4 b5 17. g4 bxc4 18. g5 cxd3 19. gxf6 Ng6 20. Bg5 gxf6 21. Bh6 cxd5 22. h5 Re8 23. hxg6 fxg6 24. Qxd3 Qa5+ 25. Bd2 Qb5 26. Qxd5+ Qxd5 27. exd5 Rac8 28. Bc3 Rc4 29. Ke2 h5 30. Rac1 Rb8 31. Rhd1 Ra4 32. a3 a5 33. b4 Rxa3 34. bxa5 Rbb3 35. Rd3 Ra2+ 36. Ke3 Kf7 37. Ra1 Rba3 38. Rxa2 Rxa2 39. Bb4 Ra4 40. Bxd6 Rxa5 41. Bc7 Ra8 42. d6 g5 43. d7 g4 44. fxg4 hxg4 45. d8Q Rxd8 46. Rxd8 1-0

[Event "Toronto Labour Day op"]
[Site "Toronto"]
[Date "2010.09.09"]
[Round "2.4"]
[White "Ferreira, Alex"]
[Black "Martchenko, Alexander"]
[Result "1/2-1/2"]
[WhiteElo "2093"]
[BlackElo "2382"]
[PlyCount "73"]
[EventDate "2010.09.12"]
[EventType "swiss"]
[EventRounds "6"]
[EventCountry "CAN"]
[SourceTitle "EXT 2022"]
[Source "ChessBase"]
[SourceDate "2021.10.06"]
[SourceVersion "1"]
[SourceVersionDate "2021.10.06"]
[SourceQuality "1"]

1. d4 d5 2. c4 e6 3. Nc3 c6 4. Nf3 dxc4 5. a4 Bb4 6. e4 b5 7. Be2 Bb7 8. 0-0 a6 9. Bg5 Ne7 10. Bxe7 Qxe7 11. d5 0-0 12. dxc6 Bxc6 13. axb5 Bxc3 14. bxc6 Bxb2 15. Ra2 c3 16. Ne5 c2 17. Ng6 hxg6 18. Qxc2 Be5 19. f4 Bd4+ 20. Kh1 Rc8 21. Qa4 Nxc6 22. Rb1 a5 23. Rc2 Nb4 24. Rxc8+ Rxc8 25. Qxa5 Qc5 26. Qa4 Qc1+ 27. Rxc1 Rxc1+ 28. Bd1 Nc2 29. Qxc2 Rxc2 30. Bxc2 Bc3 31. g3 Kf8 32. Kg2 Ke7 33. Kf3 Be1 34. g4 g5 35. f5 e5 36. Bb3 f6 37. Bc4 1/2-1/2

[Event "Toronto Labour Day op"]
[Site "Toronto"]
[Date "2010.09.09"]
[Round "5.3"]
[White "Noritsyn, Nikolay"]
[Black "Martchenko, Alexander"]
[Result "1-0"]
[WhiteElo "2570"]
[BlackElo "2382"]
[PlyCount "104"]
[EventDate "2010.09.12"]
[EventType "swiss"]
[EventRounds "6"]
[EventCountry "CAN"]
[SourceTitle "EXT 2022"]
[Source "ChessBase"]
[SourceDate "2021.10.06"]
[SourceVersion "1"]
[SourceVersionDate "2021.10.06"]
[SourceQuality "1"]

1. e4 c6 2. c4 d5 3. exd5 cxd5 4. cxd5 Nf6 5. Qa4+ Nbd7 6. Nc3 g6 7. Bc4 Bg7 8. d3 0-0 9. Nf3 a6 10. Qa3 Nb6 11. Qb3 Nbd7 12. a4 b6 13. 0-0 Nc5 14. Qc2 Bb7 15. b4 Ncd7 16. Bg5 Rc8 17. Qb3 Ne8 18. Rfe1 Ndf6 19. b5 Nc7 20. Ne5 Nfxd5 21. bxa6 Ba8 22. Bh4 Bf6 23. Bxf6 exf6 24. Ng4 h5 25. Nxd5 Nxd5 26. Bxd5 hxg4 27. Bxa8 Rxa8 28. Qb5 Qd6 29. Rac1 Rfd8 30. g3 Qa3 31. Rc6 Rd4 32. Rc4 Rxd3 33. Rxg4 Kg7 34. Rb4 Qc3 35. Reb1 Rad8 36. Rf1 R3d5 37. Qxb6 R8d6 38. Qb7 Rxa6 39. Rh4 Rda5 40. Qd7 f5 41. Rb1 Ra7 42. Qd8 Ra8 43. Qg5 Kg8 44. Rd1 Re8 45. Rd8 Ra8 46. Rxa8 Rxa8 47. Kg2 Qc6+ 48. Kh3 Qh1 49. Rh6 Qf1+ 50. Kh4 Qc4+ 51. Qf4 Qxf4+ 52. gxf4 Kg7 1-0

[Event "North American-ch U18"]
[Site "Montreal"]
[Date "2010.08.19"]
[Round "7"]
[White "Martchenko, Alexander"]
[Black "Klusa, Mark"]
[Result "1-0"]
[WhiteElo "2384"]
[BlackElo "922"]
[PlyCount "83"]
[EventDate "2010.08.16"]
[EventType "swiss"]
[EventRounds "7"]
[EventCountry "CAN"]
[SourceTitle "EXT 2013"]
[Source "ChessBase"]
[SourceDate "2012.11.22"]
[SourceVersion "1"]
[SourceVersionDate "2012.11.22"]
[SourceQuality "1"]

1. e4 d6 2. d4 g6 3. Nc3 Bg7 4. Be3 Nf6 5. Qd2 Ng4 6. 0-0-0 Nxe3 7. Qxe3 0-0 8. f4 c6 9. Nf3 Qc7 10. h3 f5 11. e5 h6 12. Bd3 Kh7 13. Rdg1 Be6 14. g4 fxg4 15. hxg4 Qd7 16. Ng5+ Kg8 17. Nxe6 Qxe6 18. f5 Qc8 19. Rxh6 Kf7 20. Rxg6 Rg8 21. exd6 exd6 22. Ne4 Qd7 23. Nxd6+ Kf8 24. Re1 Na6 25. Bc4 Nc7 26. Bxg8 Kxg8 27. Qe7 Qxe7 28. Rxe7 Ne8 29. Nxe8 Kf8 30. Rexg7 Rxe8 31. Rg8+ Ke7 32. Rxe8+ Kxe8 33. Rg7 Kf8 34. Rxb7 Ke8 35. Rxa7 Kf8 36. Rc7 Ke8 37. Rxc6 Ke7 38. a4 Kf7 39. a5 Ke7 40. a6 Kd7 41. d5 Ke7 42. a7 1-0

[Event "North American-ch U18"]
[Site "Montreal"]
[Date "2010.08.18"]
[Round "6"]
[White "Posaratnanathan, Roy"]
[Black "Martchenko, Alexander"]
[Result "0-1"]
[WhiteElo "1179"]
[BlackElo "2384"]
[PlyCount "56"]
[EventDate "2010.08.16"]
[EventType "swiss"]
[EventRounds "7"]
[EventCountry "CAN"]
[SourceTitle "EXT 2013"]
[Source "ChessBase"]
[SourceDate "2012.11.22"]
[SourceVersion "1"]
[SourceVersionDate "2012.11.22"]
[SourceQuality "1"]

1. e4 c5 2. Nf3 Nc6 3. d4 cxd4 4. Nxd4 g6 5. c4 Bg7 6. Be3 Nf6 7. Nc3 d6 8. Be2 0-0 9. 0-0 Bd7 10. Qd2 Nxd4 11. Bxd4 Bc6 12. Bd3 a5 13. a4 Nd7 14. Bxg7 Kxg7 15. f4 Nc5 16. Bc2 Qb6 17. Qd4+ Kg8 18. Nb5 Bxb5 19. axb5 Rfc8 20. Rf3 Nd7 21. Qxb6 Nxb6 22. b3 a4 23. bxa4 Rxc4 24. Bd3 Rcxa4 25. Rxa4 Rxa4 26. Bc2 Rc4 27. Bb3 Rxe4 28. Rc3 Rb4 0-1

[Event "North American-ch U18"]
[Site "Montreal"]
[Date "2010.08.17"]
[Round "3"]
[White "Martchenko, Alexander"]
[Black "Dumont, Felix"]
[Result "1-0"]
[WhiteElo "2384"]
[BlackElo "2070"]
[PlyCount "113"]
[EventDate "2010.08.16"]
[EventType "swiss"]
[EventRounds "7"]
[EventCountry "CAN"]
[SourceTitle "EXT 2013"]
[Source "ChessBase"]
[SourceDate "2012.11.22"]
[SourceVersion "1"]
[SourceVersionDate "2012.11.22"]
[SourceQuality "1"]

1. e4 e6 2. d4 d5 3. e5 c5 4. c3 Nc6 5. Nf3 Bd7 6. a3 f6 7. Bd3 fxe5 8. dxe5 Qc7 9. Bf4 Nge7 10. h4 g6 11. h5 gxh5 12. Rxh5 0-0-0 13. b4 Bg7 14. Qe2 Be8 15. Rxh7 Ng6 16. Bxg6 Bxg6 17. Rh2 Rxh2 18. Bxh2 cxb4 19. axb4 d4 20. b5 Na5 21. Qa2 Bxb1 22. Rxb1 Qxc3+ 23. Kf1 Kb8 24. Bf4 Qc4+ 25. Qxc4 Nxc4 26. Rb4 Nb6 27. Rxd4 Rxd4 28. Nxd4 Nd7 29. Nxe6 Bxe5 30. Bxe5+ Nxe5 31. f4 Nc4 32. Ke2 Nd6 33. Nd4 Kc7 34. g4 a6 35. g5 Kd7 36. f5 axb5 37. Ke3 Ke7 38. Kf4 b4 39. Nb3 b6 40. Nd2 Kf7 41. Ne4 Ne8 42. Nd2 Nd6 43. Ke5 Ne8 44. Nb3 Nc7 45. Nd4 Ne8 46. Kd5 Ng7 47. Ke5 Ne8 48. Nb3 Nc7 49. f6 Ne8 50. Nd4 Nc7 51. Kf5 Kf8 52. g6 b5 53. Ne6+ Nxe6 54. Kxe6 b3 55. f7 b2 56. Kf6 b1N 57. g7# 1-0

[Event "Quebec-ch op"]
[Site "Montreal"]
[Date "2010.07.24"]
[Round "1"]
[White "Martchenko, Alexander"]
[Black "Charbonneau, Pascal"]
[Result "0-1"]
[WhiteElo "2138"]
[BlackElo "2513"]
[PlyCount "76"]
[EventDate "2010.07.24"]
[EventType "swiss"]
[EventRounds "9"]
[EventCountry "CAN"]
[SourceTitle "CBM 137 Extra"]
[Source "ChessBase"]
[SourceDate "2010.09.01"]
[SourceVersion "1"]
[SourceVersionDate "2010.09.01"]
[SourceQuality "1"]

1. e4 c5 2. Nf3 e6 3. d4 cxd4 4. Nxd4 a6 5. Nc3 d6 6. g3 Ne7 7. Bg2 Nec6 8. Nde2 b5 9. a3 Be7 10. 0-0 Nd7 11. Kh1 0-0 12. f4 Re8 13. g4 Rb8 14. Ng3 a5 15. g5 b4 16. axb4 axb4 17. Nb1 Nc5 18. Be3 b3 19. cxb3 Nxb3 20. Ra2 Nc5 21. Rf2 d5 22. Rd2 d4 23. Bg1 Qc7 24. e5 d3 25. Ra3 Nb4 26. Rc3 Na2 27. Ra3 Nb4 28. Rc3 Bb7 29. Ne4 Bxe4 30. Bxe4 Qa5 31. Ra3 Qb5 32. Nc3 Qc4 33. Qf3 Red8 34. Ra7 Nxe4 35. Nxe4 Nc6 36. Rc7 Nxe5 37. Rxc4 Nxf3 38. Rf2 d2 0-1

[Event "Canadian op"]
[Site "Toronto"]
[Date "2010.07.17"]
[Round "8"]
[White "Martchenko, Alexander"]
[Black "Ibrahim, Ismail"]
[Result "0-1"]
[WhiteElo "2138"]
[BlackElo "2157"]
[PlyCount "92"]
[EventDate "2010.07.10"]
[EventType "swiss"]
[EventRounds "9"]
[EventCountry "CAN"]
[SourceTitle "CBM 137 Extra"]
[Source "ChessBase"]
[SourceDate "2010.09.01"]
[SourceVersion "1"]
[SourceVersionDate "2010.09.01"]
[SourceQuality "1"]

1. e4 e5 2. Nf3 Nc6 3. Bb5 a6 4. Ba4 Nf6 5. d3 b5 6. Bb3 d6 7. c3 Be6 8. Bc2 d5 9. Ng5 Bg4 10. f3 Bc8 11. exd5 Nxd5 12. Qe2 Be7 13. Ne4 f5 14. Nf2 0-0 15. g3 Bc5 16. Nd2 Ne3 17. Bb3+ Kh8 18. Nf1 Ng2+ 19. Kd1 e4 20. Rg1 Ne5 21. d4 Bxd4 22. cxd4 exf3 23. Qxe5 Re8 24. Qd5 Bb7 25. Qxd8 Raxd8 26. Be3 Nxe3+ 27. Nxe3 Rxe3 28. Re1 Rxd4+ 29. Kc2 Re2+ 30. Rxe2 fxe2 31. Re1 Bf3 32. Kc3 c5 33. a3 a5 34. Bf7 g5 35. Kc2 Kg7 36. Be8 b4 37. axb4 axb4 38. b3 c4 39. bxc4 Rxc4+ 40. Kd2 b3 41. Nd3 Be4 42. Rxe2 Rc2+ 43. Ke3 Bxd3 44. Re1 b2 45. Rb1 Be4 46. Bb5 Rxh2 0-1